Leela Mohana Sai / (Record no. 40868)

MARC details
000 -LEADER
fixed length control field 00711nam a22001937a 4500
005 - DATE AND TIME OF LATEST TRANSACTION
control field 2010081100170.0
010 ## - LCCN (DPL NO)
LC control number ENG-99633
020 ## - INTERNATIONAL STANDARD BOOK NUMBER
International Standard Book Number 9788172085865
Terms of availability 20.00
035 ## - SYSTEM CONTROL NUMBER
System control number EN-83165
037 ## - SOURCE OF ACQUISITION
Source of stock number/acquisition DBAD/PUB
082 ## - DEWEY DECIMAL CLASSIFICATION NUMBER
Classification number 230.35
100 ## - MAIN ENTRY--PERSONAL NAME
Personal name Mohan, T. R. Sai
245 ## - TITLE STATEMENT
Title Leela Mohana Sai /
Statement of responsibility, etc by T. R. Sai Mohan
260 ## - PUBLICATION, DISTRIBUTION, ETC. (IMPRINT)
Place of publication, distribution, etc Andhra Pradesh
Name of publisher, distributor, etc Sathya Sai Books & Publications Trust
Date of publication, distribution, etc 2008
270 ## - ADDRESS
Address Prasanthi Nilayam Anantapur District,
City Andhra Pradesh
Postal code 515134
300 ## - PHYSICAL DESCRIPTION
Extent xx86p.:
Other physical details ill
Dimensions 21cm (pbk)
942 ## - ADDED ENTRY ELEMENTS (KOHA)
Source of classification or shelving scheme Dewey Decimal Classification
Item type English Books
Classification part 230.35
Call number suffix MOH
Holdings
Withdrawn status Lost status Not for loan Collection code Home library Current library Date acquired Source of acquisition Cost, normal purchase price Full call number Barcode Copy number Cost, replacement price Koha item type
    Not For Loan Non-fiction D.B.Act.Division D.B.Act.Division 11/08/2010 DBAD/PUB 20.00 230.35 MOH EN-83165 1 20.00 English Books

© Delhi Public Library
Hit Counter
free hit counter